ঢ়
ক্ষ
ড়
ঢ়
য়
র-ফলা‌‌‌
 
 
য-ফলা
ি
 
 
রেফ
 
 
 
যুক্ত করুন/হসন্ত
Space
Enter

Calculus / (Record no. 4348)

000 -LEADER
fixed length control field 00691nam a2200253 a 4500
001 - CONTROL NUMBER
control field 17141
003 - CONTROL NUMBER IDENTIFIER
control field BD-DhUAP
005 - DATE AND TIME OF LATEST TRANSACTION
control field 20201108142058.0
008 - FIXED-LENGTH DATA ELEMENTS--GENERAL INFORMATION
fixed length control field 201108r20112002ii a 001 0 eng
020 ## - INTERNATIONAL STANDARD BOOK NUMBER
International Standard Book Number 9788126512591
040 ## - CATALOGING SOURCE
Original cataloging agency DLC
Transcribing agency DLC
Modifying agency DLC
-- BD-DhUAP
Language of cataloging Eng
082 00 - DEWEY DECIMAL CLASSIFICATION NUMBER
Classification number 515 ANT
Edition number 23
100 1# - MAIN ENTRY--PERSONAL NAME
Personal name Anton, Howard.
245 10 - TITLE STATEMENT
Title Calculus /
Statement of responsibility, etc. Howard Anton, Irl Bivens and Stephen Davis.
250 ## - EDITION STATEMENT
Edition statement 7th ed.
260 ## - PUBLICATION, DISTRIBUTION, ETC.
Place of publication, distribution, etc. New Delhi :
Name of publisher, distributor, etc. Wiley,
Date of publication, distribution, etc. c2002 [Reprinted 2011].
300 ## - PHYSICAL DESCRIPTION
Extent various pages :
Other physical details illustrations ;
Dimensions 27 cm.
500 ## - GENERAL NOTE
General note Includes index.
650 #0 - SUBJECT ADDED ENTRY--TOPICAL TERM
Topical term or geographic name entry element Calculus.
700 1# - ADDED ENTRY--PERSONAL NAME
Personal name Bivens, Irl.
700 1# - ADDED ENTRY--PERSONAL NAME
Personal name Davis, Stephen.
942 ## - ADDED ENTRY ELEMENTS (KOHA)
Source of classification or shelving scheme
Koha item type Book
Holdings
Withdrawn status Lost status Source of classification or shelving scheme Damaged status Not for loan Permanent Location Current Location Shelving location Date acquired Total Checkouts Total Renewals Full call number Barcode Date last seen Date last checked out Copy number Price effective from Koha item type
          UAP Central Library UAP Central Library General Stacks 2020-11-08 17 4 515 ANT 3010017141 2025-02-12 2025-02-04 1 2020-11-08 Book
          UAP Central Library UAP Central Library General Stacks 2021-01-31 13 8 515 ANT 3010017140 2024-10-02 2024-09-18 2 2021-01-31 Book

All rights reserved © UAP Central Library,
University of Asia Pacific.